000 00557nam a22002057a 4500
003 OSt
005 20140310182755.0
008 130205t xxu||||| |||| 00| 0 eng d
020 _a0314201114
050 _aQE 28
_b.D975 1998
082 _aM 550.21
_bD95 1998
245 _aEarth science /
_cDutch, Steven I.
260 _aBelmont, CA :
_bWadsworth,
_c1998.
300 _axxiv, 596 p. :
_bill. (some col.) col. maps ;
_c 28 cm.
521 _acollege students
526 _c1210L-1700L
541 _j1
562 _e1
942 _2lcc
_cBK
_kM
999 _c15839
_d15839